Proceso electoral y futuro político

Gespeichert in:
Bibliographische Detailangaben
1. Verfasser: Verdesoto C., Luis F
Format: Text
Veröffentlicht: Quito: CAAP
Tags: Tag hinzufügen
Keine Tags, Fügen Sie den ersten Tag hinzu!

MARC

LEADER 00000 a a2200000 04500
001 24394
003
040 |a CRAI/IIS  |c CRAI/IIS 
090 |a 172900  
100 |a Verdesoto C., Luis F  
245 |a Proceso electoral y futuro político  
260 |a Quito:   |b CAAP  
300 |a pp. 9-26  
999 |c 6259  |d 6259